| 000 | 00594nam a2200217Ii 4500 | ||
|---|---|---|---|
| 001 | 5329 | ||
| 003 | CO-ViMGA | ||
| 008 | 241108s9999||||xx |||||||||||||| ||und|| | ||
| 020 | _a8425304725 | ||
| 040 |
_aCO-ViMGA _bspa _erda _cCO-ViMGA |
||
| 041 | 0 | _aspa | |
| 084 | _aN AUC1l | ||
| 100 | 1 |
_aLouis Auchincloss _949627 |
|
| 245 | 1 | 0 | _aLlegó como un ladrón |
| 264 | 1 | _aMadrid, España : Grijalbo, 1975 | |
| 300 | _avolumen | ||
| 336 |
_atext _btxt _2rdacontent |
||
| 337 |
_aunmediated _bn _2rdamedia |
||
| 338 |
_avolume _bnc _2rdacarrier |
||
| 940 | _aidficha_siabuc: 5187. -- ficha_no_siabuc:5329 | ||
| 999 |
_c44304 _d44304 |
||